|
|
|
|
| LEADER |
01371cam a22003374a 4500 |
| 001 |
AAL6662 |
| 003 |
BD-DhAAL |
| 005 |
20160901121843.0 |
| 008 |
160901s1999 nyua c 001 0 eng |
| 010 |
|
|
|a 99020300
|
| 020 |
|
|
|a 080699956X
|
| 020 |
|
|
|a 8172451741
|
| 040 |
|
|
|a DLC
|c DLC
|d DLC
|d BD-DhAAL
|
| 050 |
0 |
0 |
|a GV1446
|b .N694 1999
|
| 082 |
0 |
0 |
|a 794.1
|2 21
|
| 100 |
1 |
|
|a Nottingham, Ted.
|9 20418
|
| 245 |
1 |
0 |
|a Winning chess :
|b tactics & strategies /
|c Ted Nottingham, Al Lawrence & Bob Wade.
|
| 260 |
|
|
|a New Dilhui :
|a New York :
|b Goodwill Publishing,
|b Sterling Pub. Co.,
|c c1999.
|
| 300 |
|
|
|a 127 p. :
|b ill. ;
|c 24 cm.
|
| 500 |
|
|
|a Includes index.
|
| 520 |
|
|
|a Presents tactics and techniques for playing chess, including openings, middlegame and endgame strategies, forks, pins, skewers, and examples from the games of world champions.
|
| 650 |
|
0 |
|a Chess for children
|v Juvenile literature.
|9 20419
|
| 650 |
|
0 |
|a Chess problems
|v Juvenile literature.
|9 20420
|
| 650 |
|
1 |
|a Chess.
|9 20421
|
| 650 |
|
1 |
|a Chess problems.
|9 20422
|
| 700 |
1 |
|
|a Lawrence, Al.
|9 20423
|
| 700 |
1 |
|
|a Wade, Robert Graham.
|9 20424
|
| 852 |
|
|
|a Savar Campus Library
|c General Stacks
|
| 942 |
|
|
|2 ddc
|c BK
|
| 999 |
|
|
|c 37775
|d 37775
|
| 952 |
|
|
|0 0
|1 0
|2 ddc
|4 0
|6 794_100000000000000_NOT
|7 0
|9 59599
|a SCL
|b SCL
|c GEN
|d 2016-09-01
|l 6
|m 11
|o 794.1 NOT
|p 3020006662
|r 2026-01-04
|s 2025-11-03
|t 1
|w 2016-09-01
|y BK
|